<?xml version="1.0" encoding="UTF-8"?>
<record
    xmlns:xsi="http://www.w3.org/2001/XMLSchema-instance"
    xsi:schemaLocation="http://www.loc.gov/MARC21/slim http://www.loc.gov/standards/marcxml/schema/MARC21slim.xsd"
    xmlns="http://www.loc.gov/MARC21/slim">

  <leader>00690nam a2200229 a 4500</leader>
  <controlfield tag="001">BRCA_4035</controlfield>
  <controlfield tag="005">20190320204525.0</controlfield>
  <controlfield tag="008">080210s1959----gw-a######---#000-0#spa-#</controlfield>
  <datafield tag="041" ind1=" " ind2=" ">
    <subfield code="a">eng</subfield>
  </datafield>
  <datafield tag="044" ind1=" " ind2=" ">
    <subfield code="a">gw</subfield>
  </datafield>
  <datafield tag="050" ind1=" " ind2="4">
    <subfield code="a">ND1352</subfield>
    <subfield code="b">.R84 1959</subfield>
  </datafield>
  <datafield tag="100" ind1="1" ind2=" ">
    <subfield code="a">Rugendas, Johann Moritz</subfield>
    <subfield code="d">1802-1858</subfield>
    <subfield code="9">795</subfield>
  </datafield>
  <datafield tag="245" ind1="1" ind2="0">
    <subfield code="a">J. M. Rugendas, 1802-1855</subfield>
    <subfield code="b">exposici&#xF3;n en M&#xE9;xico, 1959</subfield>
    <subfield code="c">Johann Moritz Rugendas.</subfield>
  </datafield>
  <datafield tag="260" ind1=" " ind2=" ">
    <subfield code="a">Monaco, Alemania</subfield>
    <subfield code="b">Prestel</subfield>
    <subfield code="c">1959</subfield>
  </datafield>
  <datafield tag="300" ind1=" " ind2=" ">
    <subfield code="a">38 p.</subfield>
    <subfield code="b">il. 40 l&#xE1;minas</subfield>
    <subfield code="c">17 cm</subfield>
  </datafield>
  <datafield tag="500" ind1=" " ind2=" ">
    <subfield code="a">C121</subfield>
  </datafield>
  <datafield tag="600" ind1="1" ind2="4">
    <subfield code="a">Rugendas, Johann Moritz</subfield>
    <subfield code="d">1802-1858</subfield>
    <subfield code="9">795</subfield>
  </datafield>
  <datafield tag="650" ind1="1" ind2="4">
    <subfield code="a">Pintores alemanes</subfield>
    <subfield code="9">797</subfield>
  </datafield>
  <datafield tag="650" ind1="1" ind2="4">
    <subfield code="a">Paisajes, pinturas de</subfield>
    <subfield code="z">M&#xE9;xico</subfield>
    <subfield code="9">10485</subfield>
  </datafield>
  <datafield tag="902" ind1=" " ind2=" ">
    <subfield code="a">GFM</subfield>
  </datafield>
  <datafield tag="942" ind1=" " ind2=" ">
    <subfield code="2">lcc</subfield>
    <subfield code="c">B</subfield>
  </datafield>
  <datafield tag="999" ind1=" " ind2=" ">
    <subfield code="c">3759</subfield>
    <subfield code="d">3759</subfield>
  </datafield>
  <datafield tag="952" ind1=" " ind2=" ">
    <subfield code="0">0</subfield>
    <subfield code="1">0</subfield>
    <subfield code="4">0</subfield>
    <subfield code="7">0</subfield>
    <subfield code="a">BRCA</subfield>
    <subfield code="b">BRCA</subfield>
    <subfield code="d">2010-02-08</subfield>
    <subfield code="i">C121</subfield>
    <subfield code="l">0</subfield>
    <subfield code="o">ND1352 .R84 1959 (C121)</subfield>
    <subfield code="p">4032</subfield>
    <subfield code="r">2019-03-22 00:00:00</subfield>
    <subfield code="w">2019-03-22</subfield>
    <subfield code="y">B</subfield>
  </datafield>
</record>
